| 000 | 00368nab a2200133Ia 4500 | ||
|---|---|---|---|
| 003 | ES-SlBCS | ||
| 005 | 20210601125451.0 | ||
| 008 | 140529s1983-84 xxu||||| |||| 00| 0 eng d | ||
| 041 | _aeng | ||
| 100 | 1 |
_aSokolowski, Robert _947028 |
|
| 245 | 0 | 0 |
_aQuotation _c Robert Sokolowski |
| 773 | 0 |
_tReview of Methaphysics _gvol. 37, 1983-84, págs. 699-724 _wRev843 |
|
| 942 | _cAR | ||
| 999 |
_c530819 _d530819 |
||